[Event "WSTCC-50 2020"]
[Site "Prague"]
[Date "2020.03.09"]
[Round "4.40"]
[White "Jhunjhnuwala, Suresh"]
[Black "Burnett, Andrew"]
[Result "0-1"]
[WhiteElo "1864"]
[BlackElo "2138"]
[Annotator "ChessBase"]
[PlyCount "132"]
[EventDate "2020.03.06"]
[EventType "team-tourn"]
[EventCountry "CZE"]
[SourceTitle "playchess.com"]
[Source "ChessBase"]
[SourceQuality "1"]
[TimeControl "40/5400+30:1800+30"]

1. e4 {[%emt 0:00:00]} g6 {[%emt 0:00:00]} 2. Nf3 {[%emt 0:00:10]} Bg7 {[%emt 0:00:04]} 3. d4 {[%emt 0:00:13]} d6 {[%emt 0:00:08]} 4. c4 {[%emt 0:03:00]} Nf6 {[%emt 0:00:43]} 5. Nc3 {[%emt 0:00:45]} Bg4 {[%emt 0:01:43]} 6. Be2 {[%emt 0:00:42]} O-O {[%emt 0:04:58]} 7. h3 {[%emt 0:00:48]} Bxf3 {[%emt 0:00:17]} 8. Bxf3 {[%emt 0:00:09]} Nfd7 {[%emt 0:03:49]} 9. O-O {[%emt 0:16:32]} e5 {[%emt 0:00:26]} 10. dxe5 {[%emt 0:02:52]} dxe5 {[%emt 0:03:38]} 11. Be2 {[%emt 0:02:49]} Nc6 {[%emt 0:05:35]} 12. Rb1 {[%emt 0:05:16]} a5 {[%emt 0:02:08]} 13. Be3 {[%emt 0:05:43]} Nd4 {[%emt 0:04:11]} 14. f4 {[%emt 0:04:15]} Nxe2+ {[%emt 0:03:30]} 15. Qxe2 {[%emt 0:05:35]} exf4 {[%emt 0:00:19]} 16. Bxf4 {[%emt 0:03:30]} Ne5 {[%emt 0:02:14]} 17. Rbd1 {[%emt 0:00:34]} Qe7 {[%emt 0:00:30]} 18. Nd5 {[%emt 0:00:52]} Qc5+ {[%emt 0:00:26]} 19. Be3 {[%emt 0:00:25]} Qxc4 {[%emt 0:02:48]} 20. Qxc4 {[%emt 0:01:57]} Nxc4 {[%emt 0:00:10]} 21. Bc5 {[%emt 0:01:02]} Rfd8 {[%emt 0:03:59]} 22. b3 {[%emt 0:17:08]} Nb2 {[%emt 0:03:21]} 23. Rb1 {[%emt 0:08:07]} Nd3 {[%emt 0:02:07]} 24. Be7 {[%emt 0:07:54]} Rd7 {[%emt 0:00:57]} 25. Nf6+ {[%emt 0:00:06]} Bxf6 {[%emt 0:00:13]} 26. Bxf6 {[%emt 0:00:06]} Re8 {[%emt 0:03:25]} 27. e5 {[%emt 0:02:56]} Re6 {[%emt 0:04:44]} 28. Rbd1 {[%emt 0:02:27]} Nxe5 {[%emt 0:01:49]} 29. Rxd7 {[%emt 0:02:09]} Nxd7 {[%emt 0:00:09]} 30. Bd8 {[%emt 0:00:07]} Rc6 {[%emt 0:00:34]} 31. Rd1 {[%emt 0:00:09]} Nf8 {[%emt 0:02:23]} 32. Rd2 {[%emt 0:02:02]} Kg7 {[%emt 0:01:16]} 33. Bg5 {[%emt 0:00:50]} Ne6 {[%emt 0:00:51]} 34. Be3 {[%emt 0:00:11]} Kf8 {[%emt 0:04:42]} 35. Bf2 {[%emt 0:00:08]} Rc1+ {[%emt 0:00:47]} 36. Kh2 {[%emt 0:00:02]} Ke7 {[%emt 0:00:22]} 37. Bg3 {[%emt 0:00:58]} f6 {[%emt 0:02:21]} 38. Bf2 {[%emt 0:02:49]} b6 {[%emt 0:01:18]} 39. g4 {[%emt 0:00:12]} Nc5 {[%emt 0:01:41]} 40. Re2+ {[%emt 0:00:00]} Kd7 {[%emt 0:00:00]} 41. Kg2 {[%emt 0:04:45]} Ne6 {[%emt 0:08:32]} 42. Bg3 {[%emt 0:01:56]} Rd1 {[%emt 0:00:44]} 43. Rf2 {[%emt 0:01:23]} Ke7 {[%emt 0:01:43]} 44. Bh4 {[%emt 0:01:06]} g5 {[%emt 0:00:18]} 45. Bg3 {[%emt 0:00:08]} Rd4 {[%emt 0:06:02]} 46. Rc2 {[%emt 0:02:08]} c5 {[%emt 0:00:21]} 47. Re2 {[%emt 0:01:28]} b5 {[%emt 0:01:35]} 48. Bf2 {[%emt 0:00:23]} Rd5 {[%emt 0:00:49]} 49. Be1 {[%emt 0:01:46]} Kd7 {[%emt 0:03:47]} 50. Re3 {[%emt 0:06:59]} Nf4+ {[%emt 0:01:13]} 51. Kg3 {[%emt 0:03:56]} b4 {[%emt 0:00:31]} 52. h4 {[%emt 0:00:27]} h6 {[%emt 0:01:46]} 53. hxg5 {[%emt 0:00:09]} hxg5 {[%emt 0:00:06]} 54. Kf3 {[%emt 0:00:16]} Rd3 {[%emt 0:01:33]} 55. Rxd3+ {[%emt 0:00:39]} Nxd3 {[%emt 0:00:06]} 56. Bd2 {[%emt 0:00:11]} Ke6 {[%emt 0:00:24]} 57. Ke4 {[%emt 0:01:42]} Ne5 {[%emt 0:00:49]} 58. Be3 {[%emt 0:00:07]} c4 {[%emt 0:01:05]} 59. bxc4 {[%emt 0:03:32]} Nxc4 {[%emt 0:00:05]} 60. Bc5 {[%emt 0:02:10]} Ne5 {[%emt 0:00:49]} 61. Bb6 {[%emt 0:00:25]} a4 {[%emt 0:00:52]} 62. Bc5 {[%emt 0:00:45]} b3 {[%emt 0:00:17]} 63. axb3 {[%emt 0:00:15]} axb3 {[%emt 0:00:06]} 64. Bd4 {[%emt 0:00:28]} Nxg4 {[%emt 0:00:18]} 65. Kd3 {[%emt 0:00:26]} Kd5 {[%emt 0:00:32]} 66. Be5 Kxe5 {Kd4+} 0-1

[Event "WSTCC-50 2020"]
[Site "Prague"]
[Date "2020.03.09"]
[Round "4.41"]
[White "Weyrich, Morten"]
[Black "Fritsche, Lutz"]
[Result "0-1"]
[WhiteElo "2281"]
[BlackElo "2321"]
[Annotator "RC"]
[PlyCount "86"]
[EventDate "2020.03.06"]
[EventType "team-tourn"]
[EventCountry "CZE"]
[SourceTitle "playchess.com"]
[Source "ChessBase"]
[SourceQuality "1"]
[TimeControl "40/5400+30:1800+30"]

1. c4 {[%emt 0:00:00]} g6 {[%emt 0:00:03]} 2. Nc3 {[%emt 0:00:00]} Bg7 {[%emt 0:00:18]} 3. g3 {[%emt 0:00:00]} e5 {[%emt 0:01:18]} 4. Bg2 {[%emt 0:00:10]} Nc6 {[%emt 0:00:08]} 5. e4 {[%emt 0:00:43]} d6 {[%emt 0:00:42]} 6. Nge2 {[%emt 0:00:07]} h5 {[%emt 0:02:01]} 7. h4 {[%emt 0:05:19]} Be6 {[%emt 0:03:27]} 8. d3 {[%emt 0:00:05]} Qd7 {[%emt 0:02:56]} 9. Be3 {[%emt 0:00:50]} Nh6 {[%emt 0:11:01]} 10. f3 {[%emt 0:00:25]} f5 {[%emt 0:00:17]} 11. Nd5 {[%emt 0:01:35]} Ne7 {[%emt 0:05:47]} 12. Qd2 {[%emt 0:03:14]} Nf7 {[%emt 0:06:20]} 13. O-O-O {[%emt 0:11:35]} c6 {[%emt 0:00:46]} 14. Nxe7 {[%emt 0:01:08]} Qxe7 {[%emt 0:00:11]} 15. Kb1 {[%emt 0:02:00]} O-O {[%emt 0:10:45]} 16. f4 {[%emt 0:01:42]} Rad8 {[%emt 0:02:22]} 17. Nc3 {[%emt 0:01:08]} Qc7 {[%emt 0:19:55]} 18. exf5 {[%emt 0:06:47]} Bxf5 {[%emt 0:00:35]} 19. Be4 {[%emt 0:00:07]} exf4 {[%emt 0:03:23]} 20. Bxf4 {[%emt 0:03:22]} Ne5 {[%emt 0:00:46]} 21. Bxf5 {[%emt 0:03:22]} Rxf5 {[%emt 0:00:12]} 22. Qe2 {[%emt 0:02:56]} Qf7 {[%emt 0:12:19]} 23. Rhf1 {[%emt 0:02:57]} Qd7 {[%emt 0:11:41]} 24. Ne4 {[%emt 0:09:05]} Re8 {[%emt 0:02:37]} 25. d4 {[%emt 0:11:08]} Ng4 {[%emt 0:00:34]} 26. Qg2 {[%emt 0:03:36]} d5 {[%emt 0:00:25]} 27. Nc5 {[%emt 0:01:02]} Qf7 {[%emt 0:00:20]} 28. cxd5 {[%emt 0:00:08]} cxd5 {[%emt 0:00:18]} 29. Nb3 {[%emt 0:14:42]} Re4 {[%emt 0:00:16]} 30. Rfe1 {[%emt 0:01:28]} Rfxf4 {[%emt 0:00:27]} 31. gxf4 {[%emt 0:00:15]} Ne3 {[%emt 0:00:07]} 32. Rxe3 {[%emt 0:00:45]} Rxe3 {[%emt 0:00:09]} 33. Rc1 {[%emt 0:09:04]} b6 {[%emt 0:00:15]} 34. Nd2 {[%emt 0:00:54]} Qf5+ {[%emt 0:01:32]} 35. Ka1 {[%emt 0:00:14]} Bxd4 {[%emt 0:00:54]} 36. Nf3 {[%emt 0:00:57]} Bf6 {[%emt 0:00:38]} 37. Ne5 {[%emt 0:00:25]} Bxe5 {[%emt 0:00:48]} 38. Qxd5+ {[%emt 0:00:16]} Kh7 {[%emt 0:00:10]} 39. fxe5 {[%emt 0:00:00]} Qxe5 {[%emt 0:00:00]} 40. Qd7+ {[%emt 0:00:00]} Qe7 {[%emt 0:00:00]} 41. Qc8 {[%emt 0:11:39]} Qxh4 {[%emt 0:04:02]} 42. Rc7+ {[%emt 0:01:30]} Re7 {[%emt 0:00:12]} 43. a3 {[%emt 0:00:54]} Qf6 {[%emt 0:03:18]} 0-1

[Event "WSTCC-50 2020"]
[Site "Prague"]
[Date "2020.03.09"]
[Round "4.42"]
[White "Schulz, Klaus-Juergen"]
[Black "Jeske, Eckhard"]
[Result "1-0"]
[WhiteElo "2331"]
[BlackElo "2158"]
[Annotator "TA"]
[PlyCount "62"]
[EventDate "2020.03.06"]
[EventType "team-tourn"]
[EventCountry "CZE"]
[SourceTitle "playchess.com"]
[Source "ChessBase"]
[SourceQuality "1"]

{[%evp 11,62,5,27,-1,6,7,28,18,21,21,24,25,27,24,31,22,27,22,33,28,39,19,20,9,34,10,69,68,70,60,70,84,68,72,145,142,145,142,155,155,153,163,238,225,222,203,191,146,245,231,303,310,1077]} 1. Nf3 d5 2. b3 Nf6 3. Bb2 g6 4. g3 Bg7 5. Bg2 O-O 6. c4 c6 7. d3 {A11: English Opening: 1...c6.} Re8 8. Nbd2 {[%cal Bb1d2,Bd2f3,Bf3e5][%mdl 32]} Nfd7 9. Bxg7 {White has an edge.} Kxg7 10. d4 {[#]} Nf6 $146 ({Predecessor:} 10... e5 11. dxe5 Nxe5 12. Nxe5 Rxe5 13. O-O f6 14. cxd5 cxd5 15. Nf3 Re8 16. Nd4 Nc6 {1-0 (24) Schurig,W (1862)-Vogel,W (1550) Binz 2011}) 11. O-O Bf5 12. Nh4 Qd7 13. Ndf3 Bh3 14. Ne5 Qc8 15. cxd5 Bxg2 16. Kxg2 cxd5 17. Rc1 $36 {[%mdl 2048] White has the initiative.} Qd8 18. Nhf3 {White wants to play Ng5.} h6 (18... Ne4 $11) 19. Qd3 $14 {[#] Threatens to win with Nxf7!} Nbd7 20. Rc2 Rc8 21. Rfc1 Rxc2 22. Qxc2 Nxe5 ({Better is} 22... Nf8) 23. dxe5 $16 ({Don't take} 23. Nxe5 $6 Ne4 $14) 23... Ng8 24. e6 {[#] Hoping for exf7.} Qd6 25. exf7 Kxf7 26. Qc7 Qa6 (26... Qxc7 {keeps fighting.} 27. Rxc7 Rb8) 27. Rc2 Nf6 28. Ne5+ Kg7 29. Nd7 Qd6 (29... Qe6 $16 {might work better.}) 30. Nxf6 $18 Kxf6 31. Qxb7 {And now Rc6 would win.} Rh8 $2 {Accuracy: White = 90%, Black = 61%.} (31... Qe5) 1-0

[Event "WSTCC-50 2020"]
[Site "Prague"]
[Date "2020.03.09"]
[Round "4.43"]
[White "Jansen, Andreas"]
[Black "Wolf, Volker"]
[Result "1-0"]
[WhiteElo "2206"]
[BlackElo "2278"]
[Annotator "TA"]
[PlyCount "183"]
[EventDate "2020.03.06"]
[EventType "team-tourn"]
[EventCountry "CZE"]
[SourceTitle "playchess.com"]
[Source "ChessBase"]
[SourceQuality "1"]

{[%evp 9,183,0,50,49,51,42,40,33,45,30,52,0,0,0,0,0,0,-9,-8,-3,0,-14,-1,0,0,0,0,0,10,0,0,-5,-7,-22,15,11,30,3,55,-6,0,0,0,0,0,0,0,0,0,-5,14,13,56,13,14,-16,-18,-13,-6,-32,-37,-39,-32,-54,-53,-54,-32,-54,-54,-50,0,0,0,-47,-20,-39,-30,-25,0,-16,0,-15,0,0,179,-14,0,-15,157,150,150,150,162,121,121,121,121,121,121,121,121,121,121,121,121,121,121,98,127,127,127,127,272,227,293,291,291,266,206,0,0,-243,-228,-222,-231,-239,0,0,0,0,500,0,0,0,8,20,45,46,595,600,516,350,636,621,3291,2647,5189,6046,29983,29984,29984,29985,29985,29986,29986,29971,29971,29972,29975,29976,29974,29975,29981,29976,29974,29975,29981,29975,29974,29973,29985,29986,29986,29987,29995,29996]} 1. e4 Nf6 2. e5 Nd5 3. Bc4 Nb6 4. Bb3 d5 5. d4 e6 6. Nf3 {B02: Alekhine's Defence: Chase Variation and lines with early Nc3.} c5 7. c3 Nc6 8. O-O {White is slightly better.} Bd7 9. a3 {[#]} a5 $146 ({Predecessor:} 9... Rc8 10. Bc2 a5 11. Re1 Qc7 12. Be3 cxd4 13. Bxd4 Be7 14. Nbd2 g5 15. h3 h5 {½-½ (76) Petruccioli,A (2114)-Collutiis,D (2271) Turin 2000}) 10. Be3 (10. dxc5 $14 Bxc5 11. a4) 10... cxd4 $11 11. cxd4 a4 12. Ba2 Na5 13. Nbd2 Bb5 14. Re1 Be7 15. Rc1 Rc8 16. Rxc8 Qxc8 17. Bb1 h6 18. h3 Nac4 19. Nxc4 $1 Nxc4 20. Qc2 Qc6 21. Bd2 Qa6 22. Bc3 Bc6 23. Nd2 Kd7 ({Black should play} 23... b5 $11) 24. f4 ({White should try} 24. Qd1 $14) 24... g6 25. Nf3 Qb6 26. Ba2 Qa7 27. Kh2 Qa8 28. Qe2 Bb5 29. Qc2 Nb6 30. Qd2 Bc4 31. Bb1 Bb5 32. g4 h5 33. g5 Nc4 34. Qc2 Rc8 35. Nd2 Qa6 36. Nxc4 Bxc4 37. Qd2 Qb5 38. h4 Rc6 39. Bc2 Bb3 40. Bd3 Bc4 41. Bc2 $1 Ra6 42. Re3 Bd8 43. Qd1 Ra8 44. Bb4 {next f5! is good for White.} Bb6 45. Bc3 Qa6 46. Qb1 Rg8 $2 {[#]} (46... Bd8 $11 {and Black has nothing to worry.}) 47. Qd1 $2 (47. f5 $1 $18 {[%mdl 512]}) 47... Bb5 48. Qf3 {aiming for f5!} Qa8 $2 {[#]} (48... Kc8 $11) 49. f5 $1 $16 {[%mdl 512]} Qe8 (49... exf5 50. Qxd5+) 50. fxe6+ fxe6 51. Qd1 Rf8 52. Rf3 Rxf3 53. Qxf3 {And now Qf6 would win.} Bd8 54. Bb4 Kc8 55. Bd6 b6 56. Kg3 Kb7 57. Bf8 Ka6 58. Bg7 Be7 59. Bf6 Bf8 60. Qd1 $1 Kb7 (60... Qf7 $16 {is a better defense.} 61. Kf4 (61. Bxa4 Bxa4 62. Qxa4+ Kb7 $16) 61... Kb7) 61. Qb1 $18 Qc8 62. Bxg6 Qc4 63. Qd1 (63. Bxh5 Qxd4 64. Bf3 Bd3 $11) 63... Qa2 64. Bxh5 $2 (64. Qc2 $18) 64... Qxb2 $11 65. g6 $2 (65. Qf3 $1 $11) 65... Qxa3+ $19 66. Bf3 Qc3 {...a3 is the strong threat.} 67. Be7 {[#]} Bh6 $2 ({Stronger than} 67... Bxe7 68. g7 $11) (67... Bg7 $1 $19 {Threatens to win with ...a3.} 68. h5 a3 69. Bxa3 Qxa3) 68. Bg5 $36 {[%mdl 2048] White is pushing.} Bf8 69. Qd2 Qb3 $2 {[%mdl 8192]} (69... Qxd2 $11 {and Black stays safe.} 70. Bxd2 a3) 70. Be7 $2 ({Only move:} 70. Qf4 $18 Qb4 71. Qf7+ {[%mdl 64] Double Attack} Ka6 72. Qxe6) 70... Bg7 $1 (70... Bxe7 $2 71. g7 $18) 71. h5 {Strongly threatening h6.} a3 {[#]} 72. Bxa3 $1 {[%mdl 512]} Qxa3 73. h6 Qf8 $2 {[%mdl 8192] White leaves nothing to chance now.} ({Better is} 73... Be2 $1 $14 74. Qxe2 Bxh6) 74. hxg7 $18 Qxg7 75. Qg5 {Black must now prevent Qf6.} Be8 $2 (75... Bd3 76. Bh5 Bf5) 76. Bh5 b5 77. Qf6 Qg8 78. Qe7+ Kb8 79. Qh7 {White mates.} Qf8 80. g7 Qa3+ 81. Bf3 Bf7 82. g8=Q+ Bxg8 83. Qxg8+ {[%mdl 64] Double Attack} Kc7 84. Qxe6 Qe3 85. Qd6+ Kc8 86. Qc6+ Kb8 87. Qxb5+ Kc8 88. Qc6+ Kb8 89. Qb6+ Kc8 90. Kg4 Qg1+ 91. Kf5 Qb1+ 92. Qxb1 {Accuracy: White = 82%, Black = 66%.} 1-0

[Event "WSTCC-50 2020"]
[Site "Prague"]
[Date "2020.03.09"]
[Round "4.44"]
[White "Polster, Wolfgang"]
[Black "Moritz, Hartmut"]
[Result "1-0"]
[WhiteElo "2201"]
[BlackElo "2088"]
[Annotator "TA"]
[PlyCount "137"]
[EventDate "2020.03.06"]
[EventType "team-tourn"]
[EventCountry "CZE"]
[SourceTitle "playchess.com"]
[Source "ChessBase"]
[SourceQuality "1"]

{[%evp 13,137,7,38,0,0,-8,6,-5,-11,0,0,-11,-14,-38,-14,-49,-8,-12,-2,-60,-50,-54,-51,-39,0,-126,-26,-49,-49,-49,-51,-93,-60,-55,-58,-61,-69,-115,-77,-89,-75,-174,-164,-171,-174,-174,0,0,0,-159,-159,-158,-164,-209,-174,-172,-165,-173,-172,-170,-137,-127,-104,-104,-104,-127,0,-119,0,-157,-112,-112,-112,-112,-60,-67,-18,-53,-22,-43,-11,-52,-22,-81,-56,-92,-84,-144,-143,-150,-131,-116,-108,-142,-109,-106,-119,-139,-76,-81,-81,-115,0,-93,0,-115,764,732,995,979,1471,1489,2063,2020,2041,1965,1931,1863,2903,2529,2947,2807,5624,3577,3475,2260]} 1. e4 e6 2. d4 d5 3. Nd2 Nf6 4. e5 Nfd7 5. f4 c5 6. c3 Nc6 7. Ndf3 Qa5 8. a3 {C05: French Tarrasch: 3...Nf6 4 e5 Nfd7, 5 f4 and 5 Bd3 sidelines.} cxd4 9. b4 Qd8 10. cxd4 {The position is equal.} Nb6 {[#]} 11. Ne2 $146 ({Predecessor:} 11. Bd3 Bd7 12. Ne2 Rc8 13. O-O g6 14. g4 Ne7 15. Ng3 Bg7 16. f5 exf5 17. gxf5 Nxf5 18. Bxf5 Bxf5 19. Nxf5 gxf5 {1-0 (34) Rehorek,M (2329)-Prandstetter,E (2343) Czechia 2009}) 11... Bd7 12. Nc3 Rc8 13. Qd3 a6 14. Kf2 f5 15. Be2 Na7 16. Ng5 ({Better is} 16. Bd2 $11) 16... Be7 17. Qh3 Bxg5 18. fxg5 g6 19. Bd2 (19. Bf4 $11) 19... Nb5 (19... Nc6 $1 $17 20. Qh6 Kf7) 20. Nxb5 Bxb5 21. Rhc1 Bxe2 22. Kxe2 Rxc1 23. Rxc1 Nc4 24. Bf4 O-O 25. Rc2 Qb6 26. Qd3 Qb5 (26... Rc8 {looks sharper.} 27. Rc1 Qb5 28. Kf2 Qa4 29. Rc3 Qd7) 27. g3 {[#]} (27. Rc3 $17) 27... Nxa3 $1 $19 28. Qxb5 Nxb5 {[%mdl 4096] Endgame KRB-KRN} 29. Kd3 Rf7 $2 (29... Kf7 $19 30. Bc1 Ke7) 30. Rc8+ $1 $11 Rf8 31. Rc5 $2 ({Only move:} 31. Rc2 $1 $11) 31... Kf7 $17 32. h4 Ke7 33. h5 Kd7 34. Rc1 gxh5 35. Rh1 Rf7 36. Rxh5 Rg7 37. Rh6 Nc7 38. Kc3 Kc6 39. Kb3 Kd7 40. Kc3 $1 Nb5+ 41. Kd3 Na7 42. Be3 Nc6 43. Kc3 Ne7 (43... Re7 $17) 44. Kb3 $15 Ng6 45. Rh1 Kc7 46. Rc1+ Kd8 47. Rh1 (47. b5 $5) 47... Rc7 48. Rh2 (48. b5 $11 {keeps the balance.}) 48... Ke8 $17 49. Rh1 Kf8 50. Rh2 (50. b5 $142) 50... Kg7 51. Rh1 Rc6 52. Rh2 Nf8 53. Rh1 Nd7 54. Rh6 Nb6 55. Bf4 Nc4 (55... Nc8 $142 56. b5 Rb6) 56. Rh2 Rb6 {...a5 is the strong threat.} 57. Ka4 {[#]} Rb5 ({Black should play} 57... Kg8 $1 $17 58. Bc1 Rc6) 58. Rc2 (58. Rh6 $11) 58... Rb6 59. Rh2 a5 $2 {[%mdl 8192] This costs Black the game.} (59... Kg8 $17 60. g6 hxg6) 60. b5 $18 {White is clearly winning.} Kg6 61. Bc1 Kg7 62. Rc2 Nd6 63. exd6 Rxd6 {KRB-KR} 64. Rc7+ {[%mdl 64] Double Attack} Kg6 65. Rxb7 Rd8 66. b6 {[%cal Bb5b6,Bb6b7][%mdl 32]} e5 67. Rc7 f4 68. gxf4 exd4 69. b7 {Accuracy: White = 67%, Black = 49%.} 1-0

[Event "WSTCC-50 2020"]
[Site "Prague"]
[Date "2020.03.09"]
[Round "4.45"]
[White "Svanda, Pavel"]
[Black "Denk, Adolf"]
[Result "1/2-1/2"]
[WhiteElo "2074"]
[BlackElo "2224"]
[Annotator "ChessBase"]
[PlyCount "58"]
[EventDate "2020.03.06"]
[EventType "team-tourn"]
[EventCountry "CZE"]
[SourceTitle "playchess.com"]
[Source "ChessBase"]
[SourceQuality "1"]
[TimeControl "40/5400+30:1800+30"]

1. e4 {[%emt 0:00:00]} c5 {[%emt 0:00:00]} 2. Nf3 {[%emt 0:00:00]} d6 {[%emt 0:00:03]} 3. Bc4 {[%emt 0:00:32]} Nf6 {[%emt 0:00:47]} 4. d3 {[%emt 0:00:10]} e6 {[%emt 0:00:32]} 5. O-O {[%emt 0:00:11]} Be7 {[%emt 0:00:06]} 6. Re1 {[%emt 0:00:39]} Nc6 {[%emt 0:01:23]} 7. c3 {[%emt 0:00:19]} O-O {[%emt 0:02:17]} 8. Bb3 {[%emt 0:00:09]} e5 {[%emt 0:12:52]} 9. Nbd2 {[%emt 0:02:23]} Rb8 {[%emt 0:01:07]} 10. Nf1 {[%emt 0:01:00]} Be6 {[%emt 0:11:09]} 11. Bc2 {[%emt 0:05:25]} Qc7 {[%emt 0:03:47]} 12. Qe2 {[%emt 0:06:52]} b5 {[%emt 0:02:10]} 13. Ng5 {[%emt 0:08:18]} Bg4 {[%emt 0:29:32]} 14. f3 {[%emt 0:00:35]} Bd7 {[%emt 0:00:17]} 15. f4 {[%emt 0:00:31]} exf4 {[%emt 0:00:45]} 16. Bxf4 {[%emt 0:01:21]} Ne5 {[%emt 0:01:07]} 17. Ne3 {[%emt 0:05:39]} h6 {[%emt 0:06:07]} 18. Nf3 {[%emt 0:02:52]} Be6 {[%emt 0:05:53]} 19. h3 {[%emt 0:33:58]} Rfe8 {[%emt 0:01:26]} 20. Bg3 {[%emt 0:00:36]} b4 {[%emt 0:04:31]} 21. Nxe5 {[%emt 0:00:25]} dxe5 {[%emt 0:00:01]} 22. d4 {[%emt 0:00:21]} cxd4 {[%emt 0:02:18]} 23. cxd4 {[%emt 0:00:11]} Bd6 {[%emt 0:00:13]} 24. d5 {[%emt 0:00:29]} Bd7 {[%emt 0:00:08]} 25. Kh1 {[%emt 0:00:56]} Bb5 {[%emt 0:03:09]} 26. Qf3 {[%emt 0:00:57]} Bf8 {[%emt 0:01:35]} 27. Rac1 {[%emt 0:00:18]} Qd7 {[%emt 0:01:00]} 28. Bh4 {[%emt 0:00:45]} Nh7 {[%emt 0:00:18]} 29. Bb1 {[%emt 0:09:53]} Rbc8 1/2-1/2

[Event "WSTCC-50 2020"]
[Site "Prague"]
[Date "2020.03.09"]
[Round "4.46"]
[White "Druckenthaner, Andreas"]
[Black "Miculka, Petr"]
[Result "1-0"]
[WhiteElo "2277"]
[BlackElo "2040"]
[Annotator "ChessBase"]
[PlyCount "65"]
[EventDate "2020.03.06"]
[EventType "team-tourn"]
[EventCountry "CZE"]
[SourceTitle "playchess.com"]
[Source "ChessBase"]
[SourceQuality "1"]
[TimeControl "40/5400+30:1800+30"]

1. e4 c5 2. Nc3 Nc6 3. g3 g6 4. Bg2 Bg7 5. d3 d6 6. Nh3 e6 7. Be3 Nd4 8. O-O Ne7 9. Qd2 O-O 10. Bh6 b5 11. Bxg7 Kxg7 12. f4 Rb8 13. Ne2 Nxe2+ 14. Qxe2 Qb6 15. g4 f6 16. Kh1 Bb7 17. Rf2 Rbc8 18. Raf1 c4 19. f5 cxd3 20. cxd3 exf5 21. Nf4 Kh8 22. gxf5 g5 23. Ne6 Rg8 24. Qh5 Rg7 25. d4 Nc6 26. Nxg7 Kxg7 27. h4 Qxd4 28. hxg5 Ne5 29. Qh6+ Kg8 30. gxf6 Rc7 31. Bf3 Bxe4 32. Rg2+ Ng6 33. Bxe4 1-0

[Event "WSTCC-50 2020"]
[Site "Prague"]
[Date "2020.03.09"]
[Round "4.47"]
[White "Tesar, Jan"]
[Black "Ernst, Michael"]
[Result "1/2-1/2"]
[WhiteElo "2008"]
[BlackElo "2155"]
[Annotator "ChessBase"]
[PlyCount "56"]
[EventDate "2020.03.06"]
[EventType "team-tourn"]
[EventCountry "CZE"]
[SourceTitle "playchess.com"]
[Source "ChessBase"]
[SourceQuality "1"]
[TimeControl "40/5400+30:1800+30"]

1. d4 d5 2. Nf3 Bf5 3. g3 Nf6 4. Bg2 h6 5. O-O e6 6. c4 c6 7. b3 Nbd7 8. Bb2 Be7 9. Nbd2 O-O 10. Ne5 a5 11. a3 Ne4 12. Nxe4 Bxe4 13. Bxe4 dxe4 14. Nxd7 Qxd7 15. Qc2 f5 16. Rad1 Bf6 17. e3 Rfd8 18. Rd2 Qe7 19. Rfd1 Kh8 20. Bc3 Qxa3 21. Ra1 Qe7 22. Bxa5 b6 23. Bc3 Rxa1+ 24. Bxa1 Rd7 25. Bc3 Qd8 26. Qd1 Kh7 27. Qa1 Kg8 28. Ra2 Qc7 1/2-1/2

[Event "WSTCC-50 2020"]
[Site "Prague"]
[Date "2020.03.09"]
[Round "4.48"]
[White "Gattermayer, Robert"]
[Black "Bradac, Roman"]
[Result "1/2-1/2"]
[WhiteElo "1979"]
[BlackElo "1974"]
[Annotator "ChessBase"]
[PlyCount "44"]
[EventDate "2020.03.06"]
[EventType "team-tourn"]
[EventCountry "CZE"]
[SourceTitle "playchess.com"]
[Source "ChessBase"]
[SourceQuality "1"]
[TimeControl "40/5400+30:1800+30"]

1. e4 c5 2. Nc3 {[%emt 0:00:00]} g6 {[%emt 0:00:45]} 3. d3 {[%emt 0:00:00]} Nc6 {[%emt 0:00:43]} 4. Be3 d6 5. g3 {[%emt 0:00:35]} Bg7 {[%emt 0:01:26]} 6. Bg2 {[%emt 0:00:10]} Nf6 {[%emt 0:02:09]} 7. h3 {[%emt 0:00:50]} Nd4 {[%emt 0:04:45]} 8. Nce2 {[%emt 0:01:07]} e5 {[%emt 0:01:46]} 9. c3 {[%emt 0:00:07]} Nc6 {[%emt 0:01:23]} 10. Qd2 {[%emt 0:00:19]} O-O {[%emt 0:01:11]} 11. Bh6 {[%emt 0:00:10]} d5 {[%emt 0:09:08]} 12. Bxg7 {[%emt 0:03:26]} Kxg7 {[%emt 0:00:07]} 13. exd5 {[%emt 0:02:23]} Nxd5 {[%emt 0:00:11]} 14. Nf3 {[%emt 0:00:19]} Re8 {[%emt 0:04:02]} 15. O-O {[%emt 0:00:11]} f6 {[%emt 0:02:20]} 16. Rad1 {[%emt 0:01:19]} Be6 {[%emt 0:03:11]} 17. Rfe1 {[%emt 0:00:43]} Qa5 {[%emt 0:06:01]} 18. Nc1 {[%emt 0:03:03]} Rad8 {[%emt 0:04:04]} 19. Nb3 {[%emt 0:01:32]} Qb6 {[%emt 0:01:08]} 20. Qc2 {[%emt 0:01:42]} Nde7 {[%emt 0:09:00]} 21. Kh1 {[%emt 0:02:12]} Bf5 {[%emt 0:01:55]} 22. Nh4 {[%emt 0:00:28]} Be6 {[%emt 0:05:11]} 1/2-1/2